[Event "DEM U10 2025"]
[Site "Willingen GER"]
[Date "2025.06.10"]
[Round "4"]
[White "Schmidt, Jan"]
[Black "Schulze, Jonas"]
[Result "1-0"]
[Termination "normal"]
[Board "7"]
[WhiteElo "1732"]
[BlackElo "1658"]
[WhiteClock "00:14:29"]
[BlackClock "00:03:46"]
[PlyCount "103"]
[WhiteFideId "34625682"]
[BlackFideId "34687912"]
[EventCountry "GER"]
[EventRounds "9"]
[EventType "swiss"]
[EventDate "2025.06.07"]

1. d4 {[%clk 01:30:57]} {[%emt 00:00:02]} Nf6 {[%clk 01:30:44]} {[%emt
00:00:17]} 2. c4 {[%clk 01:31:13]} {[%emt 00:00:14]} c5 {[%clk 01:30:19]}
{[%emt 00:00:55]} 3. d5 {[%clk 01:31:13]} {[%emt 00:00:29]} b5 {[%clk
01:29:49]} {[%emt 00:01:00]} 4. cxb5 {[%clk 01:31:20]} {[%emt 00:00:23]} a6
{[%clk 01:29:13]} {[%emt 00:01:07]} 5. bxa6 {[%clk 01:31:27]} {[%emt 00:00:22]}
Bxa6 {[%clk 01:28:40]} {[%emt 00:01:03]} 6. Nc3 {[%clk 01:31:07]} {[%emt
00:00:49]} g6 {[%clk 01:27:51]} {[%emt 00:01:20]} 7. Nf3 {[%clk 01:31:06]}
{[%emt 00:00:31]} Bg7 {[%clk 01:25:38]} {[%emt 00:02:44]} 8. g3 {[%clk
01:27:03]} {[%emt 00:04:33]} O-O {[%clk 01:23:32]} {[%emt 00:02:36]} 9. Bg2
{[%clk 01:25:11]} {[%emt 00:02:22]} d6 {[%clk 01:19:52]} {[%emt 00:04:09]} 10.
O-O {[%clk 01:23:37]} {[%emt 00:02:04]} Nbd7 {[%clk 01:17:05]} {[%emt
00:03:18]} 11. Qc2 {[%clk 01:17:08]} {[%emt 00:06:59]} Qa5 {[%clk 01:14:06]}
{[%emt 00:03:29]} 12. Re1 {[%clk 01:11:50]} {[%emt 00:05:47]} Rfb8 {[%clk
01:10:02]} {[%emt 00:04:34]} 13. Bd2 {[%clk 01:09:21]} {[%emt 00:02:59]} Qb6
{[%clk 01:04:18]} {[%emt 00:06:15]} 14. b3 {[%clk 01:04:18]} {[%emt 00:05:33]}
Ng4 {[%clk 00:53:46]} {[%emt 00:11:01]} 15. h3 {[%clk 01:01:06]} {[%emt
00:03:42]} Nge5 {[%clk 00:52:50]} {[%emt 00:01:26]} 16. Rab1 {[%clk 00:51:12]}
{[%emt 00:10:24]} Qc7 {[%clk 00:34:08]} {[%emt 00:19:12]} 17. Bg5 {[%clk
00:44:07]} {[%emt 00:07:36]} Re8 {[%clk 00:30:54]} {[%emt 00:03:44]} 18. Rec1
{[%clk 00:40:05]} {[%emt 00:04:32]} Nxf3+ {[%clk 00:24:27]} {[%emt 00:06:55]}
19. Bxf3 {[%clk 00:36:14]} {[%emt 00:04:23]} Ne5 {[%clk 00:22:25]} {[%emt
00:02:32]} 20. Bg2 {[%clk 00:36:11]} {[%emt 00:00:32]} h6 {[%clk 00:19:00]}
{[%emt 00:03:56]} 21. Be3 {[%clk 00:35:15]} {[%emt 00:01:24]} Reb8 {[%clk
00:15:56]} {[%emt 00:03:35]} 22. Qd2 {[%clk 00:33:56]} {[%emt 00:01:50]} Kh7
{[%clk 00:14:38]} {[%emt 00:01:47]} 23. a4 {[%clk 00:31:05]} {[%emt 00:03:22]}
Rb4 {[%clk 00:09:51]} {[%emt 00:05:16]} 24. Na2 {[%clk 00:27:06]} {[%emt
00:04:29]} Rb6 {[%clk 00:09:07]} {[%emt 00:01:14]} 25. f4 {[%clk 00:23:31]}
{[%emt 00:04:06]} Nd7 {[%clk 00:08:25]} {[%emt 00:01:12]} 26. b4 {[%clk
00:21:48]} {[%emt 00:02:13]} Rab8 {[%clk 00:07:43]} {[%emt 00:01:12]} 27. Qc2
{[%clk 00:19:49]} {[%emt 00:02:29]} Qc8 {[%clk 00:06:24]} {[%emt 00:01:48]} 28.
b5 {[%clk 00:16:59]} {[%emt 00:03:20]} Bxb5 {[%clk 00:03:18]} {[%emt 00:03:37]}
29. axb5 {[%clk 00:17:14]} {[%emt 00:00:14]} Rxb5 {[%clk 00:03:35]} {[%emt
00:00:14]} 30. Rxb5 {[%clk 00:17:30]} {[%emt 00:00:14]} Rxb5 {[%clk 00:03:39]}
{[%emt 00:00:26]} 31. Rb1 {[%clk 00:16:16]} {[%emt 00:01:43]} Ra5 {[%clk
00:03:20]} {[%emt 00:00:49]} 32. Nb4 {[%clk 00:15:43]} {[%emt 00:01:03]} Qa8
{[%clk 00:02:32]} {[%emt 00:01:18]} 33. Nc6 {[%clk 00:15:05]} {[%emt 00:01:08]}
Ra2 {[%clk 00:02:51]} {[%emt 00:00:11]} 34. Qd1 {[%clk 00:15:08]} {[%emt
00:00:27]} Ra3 {[%clk 00:02:29]} {[%emt 00:00:52]} 35. Bf2 {[%clk 00:15:25]}
{[%emt 00:00:12]} Nf6 {[%clk 00:02:34]} {[%emt 00:00:26]} 36. Nxe7 {[%clk
00:15:19]} {[%emt 00:00:36]} Nh5 {[%clk 00:02:43]} {[%emt 00:00:22]} 37. Kh2
{[%clk 00:14:26]} {[%emt 00:01:23]} Qe8 {[%clk 00:02:23]} {[%emt 00:00:48]} 38.
Nc6 {[%clk 00:14:23]} {[%emt 00:00:34]} Ra2 {[%clk 00:02:43]} {[%emt 00:00:11]}
39. Bf3 {[%clk 00:14:23]} {[%emt 00:00:30]} Nf6 {[%clk 00:02:31]} {[%emt
00:00:42]} 40. Rb8 {[%clk 00:13:52]} {[%emt 00:01:00]} Qd7 {[%clk 00:02:22]}
{[%emt 00:00:38]} 41. Qb1 {[%clk 00:13:23]} {[%emt 00:01:00]} Ra1 {[%clk
00:02:05]} {[%emt 00:00:47]} 42. Qxa1 {[%clk 00:11:08]} {[%emt 00:02:46]} Ng4+
{[%clk 00:02:23]} {[%emt 00:00:12]} 43. Bxg4 {[%clk 00:11:32]} {[%emt
00:00:06]} Qxg4 {[%clk 00:01:58]} {[%emt 00:00:55]} 44. Qxg7+ {[%clk 00:11:53]}
{[%emt 00:00:09]} Kxg7 {[%clk 00:02:16]} {[%emt 00:00:12]} 45. hxg4 {[%clk
00:12:20]} {[%emt 00:00:04]} g5 {[%clk 00:02:21]} {[%emt 00:00:24]} 46. fxg5
{[%clk 00:12:32]} {[%emt 00:00:18]} hxg5 {[%clk 00:02:39]} {[%emt 00:00:11]}
47. Be3 {[%clk 00:12:59]} {[%emt 00:00:04]} f6 {[%clk 00:02:51]} {[%emt
00:00:18]} 48. Rb7+ {[%clk 00:13:21]} {[%emt 00:00:08]} Kh8 {[%clk 00:02:59]}
{[%emt 00:00:21]} 49. Bxc5 {[%clk 00:13:17]} {[%emt 00:00:36]} dxc5 {[%clk
00:03:22]} {[%emt 00:00:07]} 50. d6 {[%clk 00:13:42]} {[%emt 00:00:04]} c4
{[%clk 00:03:40]} {[%emt 00:00:12]} 51. d7 {[%clk 00:14:07]} {[%emt 00:00:06]}
c3 {[%clk 00:03:46]} {[%emt 00:00:23]} 52. d8=Q# {[%clk 00:14:29]} {[%emt
00:00:07]} 1-0

[Event "DEM U10 2025"]
[Site "Willingen GER"]
[Date "2025.06.10"]
[Round "4"]
[White "Sriram, Aumkar"]
[Black "Wolf, Adam"]
[Result "0-1"]
[Termination "normal"]
[Board "8"]
[WhiteElo "1517"]
[BlackElo "1656"]
[WhiteClock "00:48:18"]
[BlackClock "01:13:42"]
[PlyCount "54"]
[WhiteFideId "33460477"]
[BlackFideId "34623426"]
[EventCountry "GER"]
[EventRounds "9"]
[EventType "swiss"]
[EventDate "2025.06.07"]

1. e4 {[%clk 01:31:00]} c6 {[%clk 01:30:54]} {[%emt 00:00:07]} 2. d4 {[%clk
01:31:26]} {[%emt 00:00:03]} d5 {[%clk 01:31:20]} {[%emt 00:00:04]} 3. exd5
{[%clk 01:31:54]} {[%emt 00:00:01]} cxd5 {[%clk 01:31:38]} {[%emt 00:00:13]} 4.
Bd3 {[%clk 01:32:23]} Nc6 {[%clk 01:31:58]} {[%emt 00:00:10]} 5. c3 {[%clk
01:32:52]} {[%emt 00:00:01]} Nf6 {[%clk 01:32:17]} {[%emt 00:00:10]} 6. Bf4
{[%clk 01:33:21]} {[%emt 00:00:01]} g6 {[%clk 01:32:25]} {[%emt 00:00:23]} 7.
Nf3 {[%clk 01:33:28]} {[%emt 00:00:22]} Bf5 {[%clk 01:32:50]} {[%emt 00:00:06]}
8. Bxf5 {[%clk 01:33:33]} {[%emt 00:00:25]} gxf5 {[%clk 01:33:14]} {[%emt
00:00:06]} 9. Nbd2 {[%clk 01:33:30]} {[%emt 00:00:33]} e6 {[%clk 01:33:34]}
{[%emt 00:00:10]} 10. Qc2 {[%clk 01:32:02]} {[%emt 00:01:57]} Rc8 {[%clk
01:32:42]} {[%emt 00:01:23]} 11. Bg3 {[%clk 01:30:37]} {[%emt 00:01:54]} Ne4
{[%clk 01:32:06]} {[%emt 00:01:06]} 12. Qb3 {[%clk 01:28:36]} {[%emt 00:02:32]}
Qd7 {[%clk 01:28:58]} {[%emt 00:03:39]} 13. Nxe4 {[%clk 01:28:03]} {[%emt
00:01:03]} fxe4 {[%clk 01:27:13]} {[%emt 00:02:14]} 14. Ne5 {[%clk 01:25:51]}
{[%emt 00:02:42]} Nxe5 {[%clk 01:27:23]} {[%emt 00:00:21]} 15. Bxe5 {[%clk
01:26:18]} {[%emt 00:00:03]} Rg8 {[%clk 01:27:31]} {[%emt 00:00:22]} 16. Bg3
{[%clk 01:26:36]} {[%emt 00:00:12]} Bh6 {[%clk 01:25:33]} {[%emt 00:02:28]} 17.
a4 {[%clk 01:26:10]} {[%emt 00:00:56]} f5 {[%clk 01:24:29]} {[%emt 00:01:34]}
18. Rg1 {[%clk 01:21:01]} {[%emt 00:05:39]} Qg7 {[%clk 01:18:59]} {[%emt
00:05:59]} 19. Be5 {[%clk 01:16:18]} {[%emt 00:05:14]} Qg5 {[%clk 01:16:45]}
{[%emt 00:02:44]} 20. Qb5+ {[%clk 01:13:37]} {[%emt 00:03:11]} Kd8 {[%clk
01:12:27]} {[%emt 00:04:47]} 21. Qa5+ {[%clk 00:55:57]} {[%emt 00:18:11]} b6
{[%clk 01:12:12]} {[%emt 00:00:45]} 22. Qxa7 {[%clk 00:46:59]} {[%emt
00:09:28]} Qd2+ {[%clk 01:12:27]} {[%emt 00:00:15]} 23. Kf1 {[%clk 00:47:18]}
{[%emt 00:00:12]} Qd3+ {[%clk 01:12:44]} {[%emt 00:00:12]} 24. Ke1 {[%clk
00:47:28]} {[%emt 00:00:20]} Bd2+ {[%clk 01:13:09]} {[%emt 00:00:06]} 25. Kd1
{[%clk 00:47:41]} {[%emt 00:00:16]} Bxc3+ {[%clk 01:13:31]} {[%emt 00:00:08]}
26. Kc1 {[%clk 00:47:54]} {[%emt 00:00:18]} Qd2+ {[%clk 01:13:42]} {[%emt
00:00:19]} 27. Kb1 {[%clk 00:48:18]} {[%emt 00:00:07]} Qxb2# {[%emt 00:00:12]}
0-1

[Event "DEM U10 2025"]
[Site "Willingen GER"]
[Date "2025.06.10"]
[Round "4"]
[White "Khadem Aljamea, Adam"]
[Black "Grimm, Jakob"]
[Result "1-0"]
[Termination "normal"]
[Board "9"]
[WhiteElo "1472"]
[BlackElo "1698"]
[WhiteClock "01:43:21"]
[BlackClock "01:19:02"]
[PlyCount "135"]
[WhiteFideId "533012989"]
[BlackFideId "34635645"]
[EventCountry "GER"]
[EventRounds "9"]
[EventType "swiss"]
[EventDate "2025.06.07"]

1. e4 {[%clk 01:30:59]} {[%emt 00:00:01]} e5 {[%clk 01:30:55]} {[%emt
00:00:05]} 2. Nf3 {[%clk 01:31:21]} {[%emt 00:00:07]} Nc6 {[%clk 01:31:21]} 3.
d4 {[%clk 01:31:41]} {[%emt 00:00:15]} exd4 {[%clk 01:31:46]} 4. Nxd4 {[%clk
01:32:05]} {[%emt 00:00:11]} Nf6 {[%clk 01:32:08]} 5. Nxc6 {[%clk 01:32:05]}
bxc6 {[%clk 01:32:08]} 6. e5 {[%clk 01:32:35]} {[%emt 00:00:46]} Qe7 {[%clk
01:32:56]} 7. Qe2 {[%clk 01:32:58]} {[%emt 00:00:12]} Nd5 {[%clk 01:33:19]} 8.
c4 {[%clk 01:33:11]} {[%emt 00:00:22]} Ba6 {[%clk 01:33:37]} 9. b3 {[%clk
01:33:37]} {[%emt 00:00:18]} g6 {[%clk 01:32:54]} 10. Ba3 {[%clk 01:34:02]}
{[%emt 00:01:18]} Qg5 {[%clk 01:31:53]} 11. Bxf8 {[%clk 01:34:14]} {[%emt
00:01:48]} Rxf8 {[%clk 01:32:19]} 12. Nd2 {[%clk 01:34:33]} {[%emt 00:00:15]}
O-O-O {[%clk 01:32:01]} 13. Nf3 {[%clk 01:34:44]} {[%emt 00:01:07]} Qe7 {[%clk
01:31:40]} 14. g3 {[%clk 01:34:36]} {[%emt 00:01:29]} Rde8 {[%clk 01:30:23]}
15. Bg2 {[%clk 01:34:37]} {[%emt 00:02:15]} f6 {[%clk 01:30:39]} 16. Qb2 {[%clk
01:34:17]} {[%emt 00:01:05]} Qb4+ {[%clk 01:26:44]} 17. Qd2 {[%clk 01:34:04]}
{[%emt 00:05:07]} Qxd2+ {[%clk 01:26:12]} 18. Kxd2 {[%clk 01:34:22]} {[%emt
00:01:14]} Nb6 {[%clk 01:26:05]} 19. exf6 {[%clk 01:34:26]} {[%emt 00:01:03]}
Rxf6 {[%clk 01:26:26]} 20. Rhe1 {[%clk 01:34:48]} {[%emt 00:00:17]} Ref8 {[%clk
01:26:32]} 21. Re3 {[%clk 01:34:51]} {[%emt 00:00:51]} Bxc4 {[%clk 01:25:24]}
22. bxc4 {[%clk 01:34:46]} {[%emt 00:02:15]} Nxc4+ {[%clk 01:25:51]} 23. Kd3
{[%clk 01:35:01]} {[%emt 00:00:17]} Nxe3 {[%clk 01:26:12]} 24. Kxe3 {[%clk
01:35:24]} {[%emt 00:00:16]} d6 {[%clk 01:25:24]} 25. Rb1 {[%clk 01:35:26]}
{[%emt 00:01:47]} Kd7 {[%clk 01:25:33]} 26. Rb7 {[%clk 01:35:22]} {[%emt
00:00:54]} a5 {[%clk 01:25:37]} 27. Ra7 {[%clk 01:35:27]} {[%emt 00:00:51]} Rf5
{[%clk 01:25:57]} 28. Bh3 {[%clk 01:35:41]} {[%emt 00:00:25]} d5 {[%clk
01:25:41]} 29. Rxa5 {[%clk 01:36:21]} {[%emt 00:01:00]} Kd6 {[%clk 01:25:54]}
30. Bxf5 {[%clk 01:36:21]} {[%emt 00:00:24]} Rxf5 {[%clk 01:26:22]} 31. Ra8
{[%clk 01:36:15]} {[%emt 00:00:38]} Kc5 {[%clk 01:25:41]} 32. Rc8 {[%clk
01:36:27]} {[%emt 00:01:29]} Rf7 {[%clk 01:25:25]} 33. a4 {[%clk 01:36:29]}
{[%emt 00:01:14]} h6 {[%clk 01:23:48]} 34. a5 {[%clk 01:36:24]} {[%emt
00:02:42]} d4+ {[%clk 01:19:43]} 35. Nxd4 {[%clk 01:36:05]} {[%emt 00:05:24]}
Re7+ {[%clk 01:19:59]} 36. Kd3 {[%clk 01:36:04]} {[%emt 00:00:45]} Rd7 {[%clk
01:20:27]} 37. Rxc7 {[%clk 01:36:07]} {[%emt 00:00:29]} Rxd4+ {[%clk 01:20:34]}
38. Kc3 {[%clk 01:36:10]} {[%emt 00:00:50]} Rd6 {[%clk 01:20:23]} 39. a6 {[%clk
01:36:19]} {[%emt 00:01:02]} Kb6 {[%clk 01:19:36]} 40. a7 {[%clk 01:36:36]}
{[%emt 00:01:30]} Rd8 {[%clk 01:19:57]} 41. Rg7 {[%clk 01:36:54]} {[%emt
00:00:21]} g5 {[%clk 01:18:09]} 42. Rh7 {[%clk 01:37:14]} {[%emt 00:02:28]} h5
{[%clk 01:17:43]} 43. Rxh5 {[%clk 01:37:23]} {[%emt 00:01:17]} Kxa7 {[%clk
01:18:04]} 44. Rxg5 {[%clk 01:37:46]} {[%emt 00:00:16]} Kb6 {[%clk 01:18:32]}
45. h4 {[%clk 01:37:43]} {[%emt 00:00:35]} c5 {[%clk 01:18:51]} {[%emt
00:00:11]} 46. h5 {[%clk 01:37:58]} {[%emt 00:00:15]} Kb5 {[%clk 01:19:15]}
{[%emt 00:00:06]} 47. f4 {[%clk 01:38:18]} {[%emt 00:00:10]} Re8 {[%clk
01:19:35]} {[%emt 00:00:10]} 48. h6 {[%clk 01:38:38]} {[%emt 00:00:10]} Re3+
{[%clk 01:19:22]} {[%emt 00:00:42]} 49. Kd2 {[%clk 01:38:57]} {[%emt 00:00:11]}
Re8 {[%clk 01:19:39]} {[%emt 00:00:13]} 50. h7 {[%clk 01:39:17]} {[%emt
00:00:11]} Rh8 {[%clk 01:19:53]} {[%emt 00:00:16]} 51. Rh5 {[%clk 01:39:39]}
{[%emt 00:00:07]} Kb4 {[%clk 01:20:18]} {[%emt 00:00:06]} 52. f5 {[%clk
01:39:56]} {[%emt 00:00:13]} Kb3 {[%clk 01:20:38]} {[%emt 00:00:10]} 53. f6
{[%clk 01:40:12]} {[%emt 00:00:14]} c4 {[%clk 01:21:02]} {[%emt 00:00:06]} 54.
f7 {[%clk 01:40:38]} {[%emt 00:00:03]} c3+ {[%clk 01:21:05]} {[%emt 00:00:28]}
55. Ke2 {[%clk 01:40:57]} {[%emt 00:00:12]} c2 {[%clk 01:20:51]} {[%emt
00:00:44]} 56. Rb5+ {[%clk 01:40:54]} {[%emt 00:00:33]} Kc4 {[%clk 01:20:40]}
{[%emt 00:00:41]} 57. Rb7 {[%clk 01:41:06]} {[%emt 00:00:17]} c1=N+ {[%clk
01:16:54]} {[%emt 00:04:16]} 58. Ke3 {[%clk 01:41:25]} {[%emt 00:00:11]} Nd3
{[%clk 01:17:04]} {[%emt 00:00:20]} 59. Rc7+ {[%clk 01:41:42]} {[%emt
00:00:14]} Nc5 {[%clk 01:17:22]} {[%emt 00:00:12]} 60. Kf4 {[%clk 01:41:30]}
{[%emt 00:00:42]} Kd5 {[%clk 01:17:20]} {[%emt 00:00:32]} 61. Rxc5+ {[%clk
01:40:57]} {[%emt 00:01:52]} Kxc5 {[%clk 01:17:40]} {[%emt 00:00:10]} 62. Kf5
{[%clk 01:41:14]} {[%emt 00:00:13]} Kd6 {[%clk 01:17:10]} {[%emt 00:01:00]} 63.
Kf6 {[%clk 01:41:36]} {[%emt 00:00:07]} Rf8 {[%clk 01:17:32]} {[%emt 00:00:09]}
64. g4 {[%clk 01:41:52]} {[%emt 00:00:14]} Kd5 {[%clk 01:17:53]} {[%emt
00:00:09]} 65. g5 {[%clk 01:42:17]} {[%emt 00:00:05]} Ke4 {[%clk 01:18:16]}
{[%emt 00:00:07]} 66. g6 {[%clk 01:42:40]} {[%emt 00:00:06]} Rd8 {[%clk
01:18:37]} {[%emt 00:00:09]} 67. g7 {[%clk 01:42:59]} {[%emt 00:00:12]} Rd6+
{[%clk 01:19:02]} {[%emt 00:00:05]} 68. Ke7 {[%clk 01:43:21]} {[%emt 00:00:07]}
1-0

[Event "DEM U10 2025"]
[Site "Willingen GER"]
[Date "2025.06.10"]
[Round "4"]
[White "Stojanoski, Stefan"]
[Black "Stopp, Bruno"]
[Result "0-1"]
[Termination "normal"]
[Board "10"]
[WhiteElo "1670"]
[BlackElo "1519"]
[WhiteClock "00:29:37"]
[BlackClock "00:20:51"]
[PlyCount "64"]
[WhiteFideId "34632948"]
[BlackFideId "34640347"]
[EventCountry "GER"]
[EventRounds "9"]
[EventType "swiss"]
[EventDate "2025.06.07"]

1. e4 {[%clk 01:30:58]} e5 {[%clk 01:30:54]} {[%emt 00:00:06]} 2. Nf3 {[%clk
01:31:24]} {[%emt 00:00:05]} Nc6 {[%clk 01:31:17]} {[%emt 00:00:08]} 3. Bc4
{[%clk 01:31:50]} {[%emt 00:00:04]} Bc5 {[%clk 01:31:37]} {[%emt 00:00:10]} 4.
d3 {[%clk 01:32:17]} {[%emt 00:00:03]} Nf6 {[%clk 01:31:57]} {[%emt 00:00:11]}
5. c3 {[%clk 01:32:44]} {[%emt 00:00:04]} d6 {[%clk 01:32:17]} {[%emt
00:00:10]} 6. a4 {[%clk 01:33:00]} {[%emt 00:00:14]} a6 {[%clk 01:28:34]}
{[%emt 00:04:11]} 7. O-O {[%clk 01:33:09]} {[%emt 00:00:21]} Be6 {[%clk
01:27:45]} {[%emt 00:01:20]} 8. Bxe6 {[%clk 01:33:18]} {[%emt 00:00:21]} fxe6
{[%clk 01:28:09]} {[%emt 00:00:06]} 9. Qb3 {[%clk 01:33:32]} {[%emt 00:00:16]}
d5 {[%clk 01:18:20]} {[%emt 00:10:19]} 10. exd5 {[%clk 01:32:42]} {[%emt
00:01:20]} exd5 {[%clk 01:17:51]} {[%emt 00:00:59]} 11. a5 {[%clk 01:29:37]}
{[%emt 00:03:36]} O-O {[%clk 01:16:56]} {[%emt 00:01:25]} 12. Nbd2 {[%clk
01:16:05]} {[%emt 00:14:00]} Qd6 {[%clk 01:13:31]} {[%emt 00:03:56]} 13. Ne4
{[%clk 01:10:03]} {[%emt 00:06:32]} Nxe4 {[%clk 01:11:41]} {[%emt 00:02:20]}
14. dxe4 {[%clk 01:10:25]} {[%emt 00:00:08]} Ne7 {[%clk 01:08:23]} {[%emt
00:03:47]} 15. Rd1 {[%clk 01:10:01]} {[%emt 00:00:55]} c6 {[%clk 01:01:26]}
{[%emt 00:07:27]} 16. Bg5 {[%clk 01:06:33]} {[%emt 00:03:58]} Kh8 {[%clk
00:49:52]} {[%emt 00:12:04]} 17. Bxe7 {[%clk 01:06:38]} {[%emt 00:00:25]} Qxe7
{[%clk 00:50:16]} {[%emt 00:00:06]} 18. exd5 {[%clk 01:04:59]} {[%emt
00:02:09]} e4 {[%clk 00:50:35]} {[%emt 00:00:11]} 19. Re1 {[%clk 01:05:00]}
{[%emt 00:00:29]} Rae8 {[%clk 00:30:30]} {[%emt 00:20:36]} 20. Nd4 {[%clk
00:41:10]} {[%emt 00:24:20]} Qf6 {[%clk 00:26:26]} {[%emt 00:04:33]} 21. Qc2
{[%clk 00:40:40]} {[%emt 00:00:59]} cxd5 {[%clk 00:26:13]} {[%emt 00:00:44]}
22. Qd2 {[%clk 00:38:40]} {[%emt 00:02:30]} Rf7 {[%clk 00:24:38]} {[%emt
00:02:04]} 23. Re2 {[%clk 00:35:26]} {[%emt 00:03:45]} Ref8 {[%clk 00:23:32]}
{[%emt 00:01:36]} 24. Rf1 {[%clk 00:34:53]} {[%emt 00:01:02]} Bd6 {[%clk
00:23:00]} {[%emt 00:01:01]} 25. g3 {[%clk 00:30:18]} {[%emt 00:05:07]} Qg6
{[%clk 00:21:26]} {[%emt 00:02:02]} 26. Qe3 {[%clk 00:29:20]} {[%emt 00:01:29]}
Bf4 {[%clk 00:21:34]} {[%emt 00:00:22]} 27. Ne6 {[%clk 00:28:33]} {[%emt
00:01:18]} Bxe3 {[%clk 00:21:32]} {[%emt 00:00:31]} 28. Nxf8 {[%clk 00:28:48]}
{[%emt 00:00:15]} Rxf8 {[%clk 00:21:07]} {[%emt 00:00:56]} 29. Rxe3 {[%clk
00:29:12]} {[%emt 00:00:06]} h6 {[%clk 00:21:08]} {[%emt 00:00:29]} 30. Rd1
{[%clk 00:29:23]} {[%emt 00:00:17]} Qf6 {[%clk 00:20:54]} {[%emt 00:00:44]} 31.
Re2 {[%clk 00:29:32]} {[%emt 00:00:23]} Qc6 {[%clk 00:20:39]} {[%emt 00:00:44]}
32. Red2 {[%clk 00:29:37]} {[%emt 00:00:25]} Qb5 {[%clk 00:20:51]} {[%emt
00:00:19]} 0-1

[Event "DEM U10 2025"]
[Site "Willingen GER"]
[Date "2025.06.10"]
[Round "4"]
[White "Durst, Lorenz"]
[Black "Ni, Wilhelm Zeyin"]
[Result "0-1"]
[Termination "normal"]
[Board "11"]
[WhiteElo "1429"]
[BlackElo "1654"]
[WhiteClock "01:25:03"]
[BlackClock "00:47:45"]
[PlyCount "84"]
[WhiteFideId "533043493"]
[BlackFideId "34675337"]
[EventCountry "GER"]
[EventRounds "9"]
[EventType "swiss"]
[EventDate "2025.06.07"]

1. e4 {[%clk 01:30:58]} {[%emt 00:00:01]} c5 {[%clk 01:30:56]} {[%emt
00:00:04]} 2. c3 {[%clk 01:31:18]} {[%emt 00:00:11]} d5 {[%clk 01:31:21]}
{[%emt 00:00:05]} 3. exd5 {[%clk 01:31:27]} {[%emt 00:00:21]} Qxd5 {[%clk
01:24:31]} {[%emt 00:07:20]} 4. d4 {[%clk 01:31:36]} {[%emt 00:00:21]} cxd4
{[%clk 01:24:53]} {[%emt 00:00:09]} 5. Qxd4 {[%clk 01:31:37]} {[%emt 00:00:28]}
Qxd4 {[%clk 01:24:27]} {[%emt 00:00:57]} 6. cxd4 {[%clk 01:31:57]} {[%emt
00:00:10]} e6 {[%clk 01:24:15]} {[%emt 00:00:42]} 7. Nf3 {[%clk 01:32:19]}
{[%emt 00:00:08]} Nc6 {[%clk 01:24:21]} {[%emt 00:00:24]} 8. Bb5 {[%clk
01:32:39]} {[%emt 00:00:10]} Bd7 {[%clk 01:24:06]} {[%emt 00:00:45]} 9. O-O
{[%clk 01:32:51]} {[%emt 00:00:18]} O-O-O {[%clk 01:23:29]} {[%emt 00:01:07]}
10. Bxc6 {[%clk 01:32:54]} {[%emt 00:00:26]} Bxc6 {[%clk 01:23:52]} {[%emt
00:00:08]} 11. Ne5 {[%clk 01:33:14]} {[%emt 00:00:09]} Be8 {[%clk 01:21:54]}
{[%emt 00:02:29]} 12. Be3 {[%clk 01:33:21]} {[%emt 00:00:23]} Nf6 {[%clk
01:20:11]} {[%emt 00:02:13]} 13. Nd2 {[%clk 01:32:34]} {[%emt 00:01:17]} Nd5
{[%clk 01:19:37]} {[%emt 00:01:04]} 14. Ndc4 {[%clk 01:32:24]} {[%emt
00:00:40]} f6 {[%clk 01:19:18]} {[%emt 00:00:49]} 15. Nd3 {[%clk 01:32:01]}
{[%emt 00:00:52]} Bb5 {[%clk 01:17:04]} {[%emt 00:02:44]} 16. Rac1 {[%clk
01:32:09]} {[%emt 00:00:22]} Kb8 {[%clk 01:17:18]} {[%emt 00:00:16]} 17. Rfd1
{[%clk 01:32:05]} {[%emt 00:00:34]} Nxe3 {[%clk 01:15:54]} {[%emt 00:01:54]}
18. fxe3 {[%clk 01:28:48]} {[%emt 00:03:48]} Rc8 {[%clk 01:16:04]} {[%emt
00:00:21]} 19. b3 {[%clk 01:28:15]} {[%emt 00:01:03]} Be7 {[%clk 01:15:28]}
{[%emt 00:01:07]} 20. Nf4 {[%clk 01:27:55]} {[%emt 00:00:49]} Bxc4 {[%clk
01:14:22]} {[%emt 00:01:36]} 21. Rxc4 {[%clk 01:28:07]} {[%emt 00:00:18]} Rxc4
{[%clk 01:13:55]} {[%emt 00:00:57]} 22. bxc4 {[%clk 01:28:29]} {[%emt
00:00:08]} e5 {[%clk 01:14:00]} {[%emt 00:00:26]} 23. dxe5 {[%clk 01:28:49]}
{[%emt 00:00:10]} fxe5 {[%clk 01:14:16]} {[%emt 00:00:14]} 24. Nd5 {[%clk
01:28:32]} {[%emt 00:00:46]} Bc5 {[%clk 01:13:48]} {[%emt 00:00:58]} 25. Rf1
{[%clk 01:28:02]} {[%emt 00:01:00]} Rf8 {[%clk 01:13:17]} {[%emt 00:01:01]} 26.
Rxf8+ {[%clk 01:28:02]} {[%emt 00:00:31]} Bxf8 {[%clk 01:13:41]} {[%emt
00:00:05]} 27. Kf2 {[%clk 01:28:18]} {[%emt 00:00:13]} b6 {[%clk 01:13:38]}
{[%emt 00:00:34]} 28. Kf3 {[%clk 01:28:29]} {[%emt 00:00:19]} Kb7 {[%clk
01:13:39]} {[%emt 00:00:29]} 29. Ke4 {[%clk 01:28:44]} {[%emt 00:00:14]} Bd6
{[%clk 01:13:53]} {[%emt 00:00:17]} 30. Nc3 {[%clk 01:29:02]} {[%emt 00:00:12]}
Kc6 {[%clk 01:13:51]} {[%emt 00:00:32]} 31. Ne2 {[%clk 01:28:46]} {[%emt
00:00:46]} Kc5 {[%clk 01:13:39]} {[%emt 00:00:42]} 32. Kd3 {[%clk 01:28:14]}
{[%emt 00:01:01]} g6 {[%clk 01:03:32]} {[%emt 00:10:37]} 33. Ng3 {[%clk
01:28:16]} {[%emt 00:00:28]} Kb4 {[%clk 01:00:39]} {[%emt 00:03:24]} 34. Ne4
{[%clk 01:28:13]} {[%emt 00:00:32]} Bc5 {[%clk 00:56:00]} {[%emt 00:05:10]} 35.
Nf6 {[%clk 01:26:43]} {[%emt 00:02:00]} Ka3 {[%clk 00:52:34]} {[%emt 00:03:56]}
36. Nd7 {[%clk 01:26:55]} {[%emt 00:00:17]} Kxa2 {[%clk 00:50:34]} {[%emt
00:02:30]} 37. Nxe5 {[%clk 01:27:12]} {[%emt 00:00:13]} Kb2 {[%clk 00:50:00]}
{[%emt 00:01:04]} 38. Kd2 {[%clk 01:26:47]} {[%emt 00:00:54]} a5 {[%clk
00:47:27]} {[%emt 00:03:03]} 39. Nd3+ {[%clk 01:26:48]} {[%emt 00:00:30]} Kb3
{[%clk 00:47:40]} {[%emt 00:00:17]} 40. Nxc5+ {[%clk 01:25:11]} {[%emt
00:02:07]} bxc5 {[%clk 00:47:26]} {[%emt 00:00:44]} 41. e4 {[%clk 01:25:30]}
{[%emt 00:00:11]} Kxc4 {[%clk 00:47:40]} {[%emt 00:00:16]} 42. Ke3 {[%clk
01:25:03]} {[%emt 00:00:57]} a4 {[%clk 00:47:45]} {[%emt 00:00:25]} 0-1